Vyrojil sa roj

Bibliographic Details
Main Author: Štefánik, Pavol, 1920-2010 (Author)
Other Authors: Bebjak, Ľudovít, 1934-2009 (Illustrator)
Format: Article
Language:Slovak
Subjects:

MARC

LEADER 00000nab a2200000 a 4500
001 vtls000705917
003 SK-MaSNL
005 20260304003129.0
008 160314c xo 0 slo
015 |a SNBRB1999/10-26384 
035 |a CLN000058084 
040 |a SNKBUCL  |b slo  |c SNKBUCL  |e AACR2 
041 0 |a slo 
044 |a xo  |c SK 
080 |a 885.4-1(087.5)  |2 UDC-MRF-SK2 
100 1 |a Štefánik, Pavol,  |d 1920-2010  |4 aut  |9 13609 
245 1 0 |a Vyrojil sa roj  |c Pavol Štefánik ; ilustroval Ľudovít Bebjak 
650 0 7 |a rečňovanky, slovenské  |2 snkbucl  |9 304166 
700 1 |a Bebjak, Ľudovít,  |d 1934-2009  |4 ill  |9 89811 
773 0 |t Superohník  |g Č. 5 (1998/99), s. 7 
850 |a Slovenská národná knižnica v Martine 
852 |a SNK  |b KIS3GCP 
958 |a LX 
958 |a SK 
958 |a RBX 
999 |c 2545708  |d 2547638